| 000 | 01303nam a22002297a 4500 | ||
|---|---|---|---|
| 999 |
_c57339 _d57339 |
||
| 003 | Ge_BSU | ||
| 005 | 20200620200311.0 | ||
| 008 | 200525s2016 xxu||||| |||| 00| 0 geo d | ||
| 020 | _a9789941903229 | ||
| 041 | _ageo | ||
| 080 | _a342.9(075.8) ა-28 | ||
| 245 |
_aადმინისტრაციული საპროცესო სამართლის სახელმძღვანელო : Lehrbuch zum Verwaltungsprozessrecht / _cმაია კოპალეიშვილი ; ნუგზარ სხირტლაძე ; ეკატერინე ქარდავა ; რედ. პაატა ტურავა . |
||
| 264 |
_aთბილისი: _bბონა კაუზა, _c2016. |
||
| 300 |
_a408 გვ.: _c19 სმ. |
||
| 653 | _aადმინისტრაციული საპროცესო სამართლის სახელმძღვანელო | ||
| 653 | _aსამართალი | ||
| 700 |
_a კოპალეიშვილი, მაია _98197 |
||
| 700 |
_a სხირტლაძე , ნუგზარ _98198 |
||
| 700 |
_aქარდავა, ეკატერინე _98199 |
||
| 700 |
_a ტურავა, პაატა _eრედაქტორი _98200 |
||
| 942 |
_2udc _cBK |
||